Φεντερίκο Φελίνι
Αποθηκεύτηκε σε:
| Κύριος συγγραφέας: | |
|---|---|
| Άλλοι συγγραφείς: | |
| Μορφή: | Βιβλίο |
| Γλώσσα: | Greek |
| Δημοσίευση: |
Αθήνα :
Αιγόκερως,
c2003
|
| Σειρά: | Κινηματογράφος (Αιγόκερως)
|
| Θέματα: | |
| Ετικέτες: |
Προσθήκη ετικέτας
Δεν υπάρχουν, Καταχωρήστε ετικέτα πρώτοι!
|
MARC
| LEADER | 00000cam a2200000 i 4500 | ||
|---|---|---|---|
| 001 | 1/55930 | ||
| 008 | 070925s2003 gre d | ||
| 020 | |a 960-322-199-6 | ||
| 035 | |l 10091000 | ||
| 040 | |a GR-MY-UA |b gre |e aacr | ||
| 041 | 0 | |a gre | |
| 082 | 0 | |a 791.4301 |2 (22) | |
| 100 | 1 | |a Βαλούκος, Στάθης, |d 1951- | |
| 245 | 1 | 0 | |a Φεντερίκο Φελίνι / |c Στάθης Βαλούκος ; επιμέλεια: Έφη Βενιανάκη |
| 260 | |a Αθήνα : |b Αιγόκερως, |c c2003 | ||
| 300 | |a 167 σ.; |b φωτ.; |c 20 εκ. | ||
| 490 | 1 | |a Αιγόκερως/ Κινηματογράφος | |
| 600 | 1 | 0 | |a Fellini, Federico. |
| 650 | 0 | 0 | |a Motion pictures |x Production and direction. |
| 700 | 1 | |a Βενιανάκη, Έφη, |e edtf | |
| 830 | 0 | |a Κινηματογράφος (Αιγόκερως) | |
| 852 | |a INST |b LESVOS |e 20070925 |h 791.4301 ΒΑΛ |p 005100037651 |q 005100037651 |t BK |y 0 | ||
| 901 | |a BIBL1-2007-3 | ||
| 909 | |a Λ |b 136672 | ||
| 922 | |a 1ΕΛΗ |b 2007-07 |c ΕΠΕΑΕΚ2/ΠΤΕ |d Σ. ΠΑΤΑΚΗΣ | ||
| 970 | |a ΧΑΤΖΗΜΙΧΑΗΛ |b ΜΑΡΙΑ |z 2007/09/25 | ||